2014 FIFA World Cup Teams - Sudden Death - Statistics

General Stats
  • This quiz has been taken 356 times
  • The average score is 20 of 32
Answers on the Grid
Answers color-coded by a green-red scale on the quiz's grid according to % correct below.
Afghanistan
Algeria
Antigua and Barbuda
Argentina
Australia
Austria
Belgium
Bolivia
Bosnia and Herzegovina
Brazil
Cameroon
Canada
Chile
China
Colombia
Costa Rica
Croatia
Czech Republic
Denmark
Ecuador
England
Ethiopia
Fiji
France
Germany
Ghana
Greece
Honduras
Indonesia
Iran
Iraq
Italy
Ivory Coast
Jamaica
Japan
Lebanon
Lietchenstein
Mexico
Morocco
Netherlands
New Zealand
Nicaragua
Nigeria
North Korea
Northern Ireland
Panama
Paraguay
Peru
Philippines
Poland
Portugal
Qatar
Romania
Russia
Saudi Arabia
Scotland
Serbia
Slovakia
Slovenia
South Africa
South Korea
Spain
Suriname
Switzerland
Thailand
Tunisia
Uganda
Ukraine
United States
Uruguay
Venezuela
Vietnam
 
Answer Stats
Answer % Correct
Argentina
89%
Brazil
87%
Belgium
79%
Germany
79%
England
75%
Algeria
71%
Australia
70%
Chile
70%
Croatia
68%
France
67%
Cameroon
65%
Colombia
65%
Mexico
65%
Italy
64%
Costa Rica
63%
Netherlands
63%
Spain
60%
United States
60%
Uruguay
60%
Portugal
58%
Ghana
55%
Japan
55%
Bosnia and Herzegovina
53%
Ivory Coast
51%
Iran
50%
Nigeria
50%
Greece
49%
South Korea
47%
Switzerland
47%
Honduras
45%
Russia
45%
Ecuador
40%
No matching quizzes found
Score Distribution
Percent of People with Each Score
Percentile by Number Answered
Your Score History
You have not taken this quiz